000 00746cam a2200205 4500
001 D16107
008 090401t1984 xxu||||| |||| 00| 0 eng d
035 _a(Sirsi) u27161
041 _aeng
050 _a333.337
110 _aRoyal Institution of Chartered Surveyors
_94900
245 4 _aThe retailing revolution. One-day conference, RICS Westminster Centre, 13 December 1984
260 _aLondon
_bSurveyors Technical Services
_c1984
300 _aProgramme. 3 synopses. biographical notes. attendance list
350 _a0
520 _aFiled in box RICS 1984/60AB; Reference with additional loan copy of paper by Lee. Papers also catalogued separately.
710 _aGeneral Practice Division
_9752
942 _n0
948 _c04/03/1997
999 _c89061
_d89061